| 000 -LEADER |
| fixed length control field |
01313nam a22002657a 4500 |
| 005 - DATE AND TIME OF LATEST TRANSACTION |
| control field |
20260416172311.0 |
| 008 - FIXED-LENGTH DATA ELEMENTS--GENERAL INFORMATION |
| fixed length control field |
260415b xxu||||| |||| 00| 0 eng d |
| 040 ## - CATALOGING SOURCE |
| Transcribing agency |
Cagayan State University |
| 082 ## - DEWEY DECIMAL CLASSIFICATION NUMBER |
| Classification number |
791.43 |
| 100 ## - MAIN ENTRY--PERSONAL NAME |
| Personal name |
Del Toro, Guillermo, |
| Dates associated with a name |
1964- |
| Relator term |
Director, screenwriten, producer. |
| 110 ## - MAIN ENTRY--CORPORATE NAME |
| Corporate name or jurisdiction name as entry element |
Demilo Films. |
| Relator term |
Production company, |
| 245 ## - TITLE STATEMENT |
| Title |
Frankenstein |
| Statement of responsibility, etc |
Written and directed by Guillermo del Toro ; produced by Guillermo del Toro, Miles Dale ; base on the novel of Mary Shalley. |
| 260 ## - PUBLICATION, DISTRIBUTION, ETC. (IMPRINT) |
| Place of publication, distribution, etc |
Mexico : United state |
| Name of publisher, distributor, etc |
Double Dare You, Demilo Films, Bluegrass 7; Distributed by Netflix |
| Date of publication, distribution, etc |
c2025 |
| 300 ## - PHYSICAL DESCRIPTION |
| Extent |
1 Videofile , (ca. 149 minutes) |
| Other physical details |
Sound, color, |
| 500 ## - GENERAL NOTE |
| General note |
Based on the novel Frankenstein by Mary shelley. |
| 520 ## - SUMMARY, ETC. |
| Summary, etc |
A reimagining of Mary Shelley' classic story, focusing on the tragic consequences of a scientist's attempt to create life and the emotional and moral struggles that follow. |
| 546 ## - LANGUAGE NOTE |
| Language note |
In English |
| 600 ## - SUBJECT ADDED ENTRY--PERSONAL NAME |
| Personal name |
Frankenstein, victor |
| Title of a work |
Drama |
| General subdivision |
Fiction |
| 650 ## - SUBJECT ADDED ENTRY--TOPICAL TERM |
| Form subdivision |
Drama |
| General subdivision |
Moral and ethical aspects. |
| 655 ## - INDEX TERM--GENRE/FORM |
| Genre/form data or focus term |
Science fiction films |
| 700 ## - ADDED ENTRY--PERSONAL NAME |
| Personal name |
Shelley, Mary Wollstonecraft, |
| Dates associated with a name |
1797- 1851 |
| Relator term |
author of original work |
| 710 ## - ADDED ENTRY--CORPORATE NAME |
| Corporate name or jurisdiction name as entry element |
Double Dare You (Firm) |
| Relator term |
Production company |
| 270 ## - ADDRESS |
| City |
Los Angeles ;Mexico |
| Country |
United State ; Mexico |
| 942 ## - ADDED ENTRY ELEMENTS (KOHA) |
| Source of classification or shelving scheme |
|
| Item type |
Audio-Visual Materials |